000 00576nam a22001937a 4500
003 Ost
005 20260310053434.0
008 260310b |||||||| |||| 00| 0 eng d
020 _a9781316518250
040 _cBT-PhCST
050 _a25673-25674
082 _222
_a510.285536
_bSCH
100 _aSchoen, Marco P.
245 _aIntroduction to intelligent systems control, and machine learning using matlab /
260 _aUnited Kingdom :
_bCambridge University Press,
_cc2024.
300 _axvii, 472 p. :
_bill. ;
_c26 cm.
500 _aIncludes index.
942 _2ddc
_cEE
999 _c10168
_d10168